| 000 | 00365nam a2200145 a 4500 | ||
|---|---|---|---|
| 005 | 20140412111329.0 | ||
| 008 | 110128s19uu xx 00 eng d | ||
| 020 | _a0-689-71343-6 | ||
| 050 |
_aTR(PS E _bOn1 |
||
| 100 | _aBrown, Marcia | ||
| 245 |
_aOnce a mouse ... / _cMarcia Brown. |
||
| 260 |
_aHongkong : _bAladdin, _c1989. |
||
| 300 | _aunp. | ||
| 999 |
_c104832 _d104832 |
||